000 01005nam0a22002411 4500
001 rc\278317
005 20250621014243.0
035 _a(NLR Aleph) 005505802
090 _a5353649
_c5353649
100 _a20030307d1990 |||y0rusy50 ca
101 0 _arus
102 _aRU
105 _ay |||||||||
200 1 _aСтандартизация непродовольственных товаров
_eЛекция для студентов товаровед. фак. кооп. вузов
_fЦентросоюз СССР, Учеб.-науч. комплекс потреб. кооп. "Моск. кооп. ин-т"
210 _aМ.
_cУчеб.-науч. комплекс потреб. кооп. "Моск. кооп. ин-т"
_d1990 (вып. дан. 1991)
215 _a48 с.
_d20
320 _aБиблиогр.: с. 46
700 1 _aМиклушов
_bМ.Н.
_gМихаил Никитьевич
801 0 _aRU
_bNLR
_gpsbo
801 1 _aRU
_bELAR
_2rusmarc
852 _aNLR
_j91-4/2304
942 _cBOOK
980 _aNB